Prauḍha manoramā. (Record no. 84584)
[ view plain ]
| 000 -LEADER | |
|---|---|
| fixed length control field | 00926cam a22002771 4500 |
| 001 - CONTROL NUMBER | |
| control field | sa 68012545 |
| 003 - CONTROL NUMBER IDENTIFIER | |
| control field | DLC |
| 005 - DATE AND TIME OF LATEST TRANSACTION | |
| control field | 20260227112611.0 |
| 008 - FIXED-LENGTH DATA ELEMENTS--GENERAL INFORMATION | |
| fixed length control field | 891013m19519999ii c 000 0 sano |
| 010 ## - LIBRARY OF CONGRESS CONTROL NUMBER | |
| LC control number | sa 68012545 |
| 035 ## - SYSTEM CONTROL NUMBER | |
| System control number | (OCoLC)20488416 |
| 040 ## - CATALOGING SOURCE | |
| Original cataloging agency | DLC |
| Transcribing agency | WaU |
| Modifying agency | DLC |
| 041 0# - LANGUAGE CODE | |
| Language code of text/sound track or separate title | sanmar |
| 042 ## - AUTHENTICATION CODE | |
| Authentication code | premarc |
| 050 00 - LIBRARY OF CONGRESS CALL NUMBER | |
| Classification number | PK541 |
| Item number | .B489 |
| 100 0# - MAIN ENTRY--PERSONAL NAME | |
| Personal name | Bhaṭṭojī Dīkṣita. |
| 245 10 - TITLE STATEMENT | |
| Title | Prauḍha manoramā. |
| 260 ## - PUBLICATION, DISTRIBUTION, ETC. | |
| Date of publication, distribution, etc. | 1951- |
| 300 ## - PHYSICAL DESCRIPTION | |
| Extent | v. |
| Other physical details | ports. |
| Dimensions | 19 cm. |
| 500 ## - GENERAL NOTE | |
| General note | A commentary on the author's Siddhānta kaumadi, which is in turn a commentary on Pānini's Aṣṭādhyāyī. |
| 500 ## - GENERAL NOTE | |
| General note | In Sanskrit ; introductory matter and commentary in Marathi. |
| 650 #0 - SUBJECT ADDED ENTRY--TOPICAL TERM | |
| Topical term or geographic name entry element | Sanskrit language |
| General subdivision | Grammar. |
| 700 0# - ADDED ENTRY--PERSONAL NAME | |
| Personal name | Haridīkṣita. |
| Title of a work | Śabdaratna. |
| 700 1# - ADDED ENTRY--PERSONAL NAME | |
| Personal name | Wadegaonkar, Narayan Dajiba, |
| Dates associated with a name | 1871-1950. |
| 740 0# - ADDED ENTRY--UNCONTROLLED RELATED/ANALYTICAL TITLE | |
| Uncontrolled related/analytical title | Manoramā va śabdaratna yāñcẽ vivaranātmaka Marāṭhī bhāshāntara. |
No items available.